[Event "Ch Greece (juniors) (under 16)"]
[Site "masterchessopen.com Halkidiki, Greece"]
[Date "2007.06.26"]
[Round "2"]
[White "Kourousis Epaminondas (GRE)"]
[Black "Milonas Konstantinos (GRE)"]
[Result "1-0"]
[WhiteElo "2182"]
[BlackElo "1898"]

1.d4 d5 2.c4 e6 3.Nf3 Nf6 4.Nc3 Be7 5.Bg5 O-O 6.e3 h6 7.Bh4 Ne4 8.Bxe7 Qxe7
9.Rc1 c6 10.Bd3 Nxc3 11.Rxc3 dxc4 12.Rxc4 Nd7 13.O-O e5 14.Bb1 e4 15.Nd2 f5
16.f3 exf3 17.Rxf3 Nf6 18.Rc5 Ng4 19.Qe2 Re8 20.Bxf5 Qd6 21.Qc4+ Kh8 22.Bxg4
Bxg4 23.Rg3 Be6 24.Qd3 Bg8 25.Nf3 Rad8 26.Qc3 Bd5 27.Ne5 Qf6 28.Qd3 b6 29.Rc1
c5 30.Rf1 Qd6 31.Rf7 Rxe5 32.dxe5 Qxe5 33.Rgxg7 Qe4 34.Rh7+ Kg8 35.Rfg7+ Kf8
36.Qf1+ Qf4 {#r} 1-0

[Event "It (open)"]
[Site "masterchessopen.com Brno (Czech Republic)"]
[Date "2007.07.08"]
[Round "9"]
[White "Skacelik Petr (CZE)"]
[Black "Novy Martin (CZE)"]
[Result "1-0"]
[WhiteElo "2260"]
[BlackElo "2131"]

1.d4 d5 2.c4 e6 3.Nc3 Be7 4.Nf3 Nf6 5.Bg5 h6 6.Bh4 O-O 7.e3 Ne4 8.Bxe7 Qxe7
9.Rc1 c6 10.Bd3 Nxc3 11.Rxc3 Nd7 12.O-O dxc4 13.Bxc4 c5 14.Qc2 b6 15.Bb5 cxd4
16.Nxd4 Nf6 17.Rc7 Bd7 18.Bxd7 Nxd7 19.Rd1 Qe8 20.Nc6 Nc5 21.Qc4 a5 22.Qb5 Rc8
23.Rxc8 {#r} 1-0

[Event "Ch Poland (team) (1 liga)"]
[Site "masterchessopen.com Chotowa (Poland)"]
[Date "2007.09.06"]
[Round "4"]
[White "Jasnikowski Zbigniew (POL)"]
[Black "Barglowski Filip (POL)"]
[Result "0-1"]
[WhiteElo "2407"]
[BlackElo "2356"]

1.d4 d5 2.c4 e6 3.Nf3 Nf6 4.Nc3 Be7 5.Bg5 O-O 6.e3 h6 7.Bh4 Ne4 8.Bxe7 Qxe7
9.Rc1 Nxc3 10.Rxc3 c6 11.Bd3 dxc4 12.Bxc4 Nd7 13.O-O b6 14.Qe2 Bb7 15.Ba6 Bxa6
16.Qxa6 c5 17.Rfc1 Qd6 18.dxc5 Qd5 19.b4 bxc5 20.bxc5 Ne5 21.Nxe5 Qxe5 22.c6
Qc7 23.Rb3 Rab8 24.Rb7 Rxb7 25.Qxb7 Rc8 26.Rc4 Rb8 27.Qxb8+ Qxb8 28.g3 Qb1+
29.Kg2 Qxa2 30.Rc5 Qa3 31.Rc2 Qb3 32.Rc1 Qd5+ 33.e4 Qd8 34.c7 Qc8 {#R} 0-1

[Event "Ch Norway (team) 2007/08"]
[Site "masterchessopen.com Norway"]
[Date "2008.01.11"]
[Round "4"]
[White "Hole Oystein (NOR)"]
[Black "Skodvin Eilif (NOR)"]
[Result "1-0"]
[WhiteElo "2401"]
[BlackElo "2323"]

1.Nf3 d5 2.d4 Nf6 3.c4 e6 4.Nc3 Be7 5.Bg5 h6 6.Bh4 O-O 7.e3 Ne4 8.Bxe7 Qxe7
9.Rc1 c6 10.Bd3 Nxc3 11.Rxc3 dxc4 12.Bxc4 Nd7 13.O-O b6 14.Bd3 c5 15.Bb5 Nf6
16.dxc5 Ne4 17.Rc4 Nxc5 18.b4 a6 19.Bc6 Bb7 20.bxc5 Bxc6 21.cxb6 Bb5 22.Rc7
Qa3 23.Re1 Rad8 24.Qb3 Qa5 25.Rec1 Ba4 26.Qa3 Qb5 27.Nd4 Qa5 28.Nc6 {#r} 1-0

[Event "Czech League 2007/08 (1st) East"]
[Site "masterchessopen.com Czech Republic"]
[Date "2008.02.24"]
[Round "8"]
[White "Babula Vlastimil (CZE)"]
[Black "Vymazal Bronislav (CZE)"]
[Result "1-0"]
[WhiteElo "2608"]
[BlackElo "2337"]

1.d4 Nf6 2.c4 e6 3.Nc3 d5 4.Bg5 Be7 5.e3 h6 6.Bh4 O-O 7.Nf3 Ne4 8.Bxe7 Qxe7
9.Rc1 Nxc3 10.Rxc3 c6 11.Bd3 dxc4 12.Bxc4 Nd7 13.O-O b6 14.Bd3 c5 15.Be4 Rb8
16.Qc2 a5 17.Rc1 Bb7 18.Bxb7 Rxb7 19.a3 Rd8 20.h3 Rc7 21.b4 axb4 22.axb4 Rdc8
23.dxc5 bxc5 24.Rc4 Nb8 25.bxc5 Na6 26.c6 Nb8 27.Qa4 e5 28.Qb5 f6 29.Qd5+ Qf7
30.e4 Kh7 31.Nh4 Qe8 32.Nf5 Rd8 33.Nd6 {#r} 1-0

[Event "It (open)"]
[Site "masterchessopen.com Blackpool (England)"]
[Date "2008.03.09"]
[Round "4"]
[White "Rausis Igors (CZE)"]
[Black "Radovanovic Jovica (SRB)"]
[Result "1-0"]
[WhiteElo "2480"]
[BlackElo "2345"]

1.Nf3 Nf6 2.c4 e6 3.Nc3 d5 4.d4 Be7 5.Bg5 h6 6.Bh4 O-O 7.e3 Ne4 8.Bxe7 Qxe7
9.Rc1 Rd8 10.Qc2 Nxc3 11.Qxc3 Nc6 12.a3 a5 13.Be2 Bd7 14.O-O Be8 15.h3 a4
16.Rfd1 Kf8 17.Ne1 Ra5 18.Nd3 Ra7 19.Bf3 g5 20.e4 dxc4 21.d5 e5 22.Qxc4 Nd4
23.Nxe5 Nb3 24.Qc3 Nxc1 25.Nc6 {#r} 1-0

[Event "Cup Mayors (open)"]
[Site "masterchessopen.com Mumbai (India)"]
[Date "2008.05.12"]
[Round "3"]
[White "Kranthi Kumar B (IND)"]
[Black "Neetakshya Singh (IND)"]
[Result "1-0"]
[WhiteElo "2071"]
[BlackElo "1738"]

1.d4 d5 2.Nf3 Nf6 3.c4 e6 4.Nc3 Be7 5.Bg5 O-O 6.e3 h6 7.Bh4 Ne4 8.Bxe7 Qxe7
9.Rc1 Nxc3 10.Rxc3 c6 11.Qc2 Nd7 12.Bd3 dxc4 13.Rxc4 e5 14.dxe5 Nxe5 15.Nxe5
Qxe5 16.O-O Be6 17.Rc5 Qf6 18.e4 Rfd8 19.e5 Qe7 20.Ra5 Rd5 21.Rxd5 Bxd5 22.Qe2
Bxa2 23.Qe4 g6 24.Qe3 Kg7 25.f4 Bd5 26.Qg3 Re8 27.h4 h5 28.Kh2 a6 29.Re1 Kh8
30.Re3 b5 31.f5 gxf5 32.Qf4 Qf8 33.Bxf5 Be6 34.Rf3 Bxf5 35.Qxf5 Qh6 36.Qxf7
Rxe5 37.Rg3 {#r} 1-0

[Event "Tournament \"]
[Site "masterchessopen.com Greece"]
[Round "0"]
[White "Pitselis Grigorios (GRE)"]
[Black "Masouros Panagiotis (GRE)"]
[Result "1-0"]
[WhiteElo "2141"]
[BlackElo "1961"]

1.d4 Nf6 2.c4 e6 3.Nc3 d5 4.Bg5 Be7 5.e3 h6 6.Bh4 O-O 7.Nf3 Ne4 8.Bxe7 Qxe7
9.Rc1 c6 10.Bd3 Nxc3 11.Rxc3 dxc4 12.Bxc4 Nd7 13.O-O e5 14.dxe5 Nxe5 15.Nxe5
Qxe5 16.f4 Qf6 17.f5 b6 18.Rd3 Bb7 19.Rd6 Qg5 20.f6 c5 21.Rf2 g6 22.Rd7 Bc8
23.Rxf7 Rxf7 24.Qd8+ Kh7 25.Bxf7 Bb7 26.Qe7 {#r} 1-0

[Event "It \"]
[Site "masterchessopen.com Peterhof (Russia)"]
[Date "2008.08.17"]
[Round "8"]
[White "Goganov Aleksey (RUS)"]
[Black "Vorobjov Denis S (RUS)"]
[Result "0-1"]
[WhiteElo "2356"]
[BlackElo "2267"]

1.d4 d5 2.c4 e6 3.Nc3 Nf6 4.Bg5 Be7 5.e3 O-O 6.Nf3 h6 7.Bh4 Ne4 8.Bxe7 Qxe7
9.Rc1 c6 10.Bd3 f5 11.O-O Nd7 12.a3 Ng5 13.Nxg5 Qxg5 14.Qe2 Nf6 15.f3 Bd7
16.Rce1 Nh5 17.Qc2 Rae8 18.Qa4 a6 19.Qb4 Bc8 20.Qd6 f4 21.Qe5 Qxe5 22.dxe5 Kf7
23.Ne2 g5 24.g4 fxg3 25.hxg3 Ng7 26.g4 dxc4 27.Bxc4 b5 28.Ba2 Rd8 29.Rd1 c5
30.b4 c4 31.Nd4 Bb7 32.a4 Ke7 33.f4 gxf4 34.exf4 Rd5 35.axb5 axb5 36.Rf2 h5
37.f5 Rxe5 38.Rfd2 Re4 39.Nxb5 Rxg4+ 40.Kh2 Rh4+ {#R} 0-1

[Event "Tournament (open)"]
[Site "masterchessopen.com Positano (Italy)"]
[Date "2008.11.02"]
[Round "9"]
[White "Laketic Gojko (SRB)"]
[Black "Streit Howard (CAN)"]
[Result "1-0"]
[WhiteElo "2451"]
[BlackElo "1953"]

1.d4 d5 2.c4 e6 3.Nf3 Nf6 4.Bg5 Be7 5.Nc3 h6 6.Bh4 O-O 7.e3 Ne4 8.Bxe7 Qxe7
9.Rc1 Nxc3 10.Rxc3 Nc6 11.cxd5 exd5 12.Be2 Bg4 13.O-O Rfd8 14.Qb3 Rab8 15.Rfc1
Qd6 16.h3 Bd7 17.Qa3 Qxa3 18.Rxa3 a6 19.Rac3 Kf8 20.Rc5 Be8 21.Ne1 Ke7 22.Bf3
Ke6 23.Nd3 g5 24.g4 f6 25.R5c3 Kd6 26.a3 Rd7 27.Bd1 Re7 28.Nc5 Nd8 29.Bc2 b6
30.Bf5 {#r} 1-0

[Event "Ch Europe (seniors) (team)"]
[Site "masterchessopen.com Velden (Austria)"]
[Date "2009.04.13"]
[Round "9"]
[White "Bachmann Karlheinz (GER)"]
[Black "Baumbach Friedrich Dr (GER)"]
[Result "1-0"]
[WhiteElo "2276"]
[BlackElo "2267"]

1.d4 d5 2.Nf3 Nf6 3.c4 e6 4.Nc3 Be7 5.Bg5 O-O 6.e3 h6 7.Bh4 Ne4 8.Bxe7 Qxe7
9.Rc1 Nxc3 10.Rxc3 c6 11.Qb1 Nd7 12.a3 dxc4 13.Bxc4 e5 14.dxe5 Nxe5 15.Nxe5
Qxe5 16.O-O Bf5 17.Bd3 Bxd3 18.Rxd3 Rad8 19.Rfd1 Rxd3 20.Rxd3 Qf6 21.Rd7 b5
22.Rxa7 Rd8 23.h3 g6 24.Qc2 Qd6 25.b4 Qd1+ 26.Qxd1 Rxd1+ 27.Kh2 h5 28.Kg3 Kg7
29.f4 Rd3 30.Kf3 Rc3 31.g4 hxg4+ 32.hxg4 Kf6 33.g5+ Ke6 34.Ke4 Rc4+ 35.Kd3 Rc1
36.Rc7 f6 37.Rg7 fxg5 38.Rxg6+ Kd7 39.Rxg5 Ra1 40.Rg7+ {#r} 1-0

[Event "It (open)"]
[Site "masterchessopen.com Elancourt (France)"]
[Date "2009.04.20"]
[Round "4"]
[White "Jolly Jean-Francois (FRA)"]
[Black "Legrand Stephane (FRA)"]
[Result "1-0"]
[WhiteElo "2366"]
[BlackElo "2156"]

1.d4 Nf6 2.c4 e6 3.Nc3 d5 4.Bg5 Be7 5.e3 O-O 6.Nf3 h6 7.Bh4 Ne4 8.Bxe7 Qxe7
9.Rc1 c6 10.Bd3 Nxc3 11.Rxc3 dxc4 12.Bxc4 Nd7 13.O-O b6 14.Qd2 Rd8 15.Rfc1 Bb7
16.Qe2 a5 17.Bd3 e5 18.dxe5 Nxe5 19.Be4 Rac8 20.h3 Nxf3+ 21.Qxf3 Rd2 22.R3c2
Rxc2 23.Rxc2 Rc7 24.Rd2 c5 25.Bxb7 Rxb7 26.Qc6 Rb8 27.Rd7 Qe5 28.Qb5 Qe6 29.a4
Qe5 30.Qb3 Qf6 31.Qd5 Qxb2 32.Rxf7 Kh8 33.e4 Re8 34.f4 Qb1+ 35.Kh2 Qxe4
36.Rf8+ Kh7 37.Qg8+ Kg6 38.Qf7+ Kh7 39.Rxe8 {#r} 1-0

[Event "Ch Hungary (team) 2009/10"]
[Site "masterchessopen.com Hungary"]
[Date "2009.11.22"]
[Round "2"]
[White "Portisch Lajos (HUN)"]
[Black "Kovacs G_ (HUN)"]
[Result "1-0"]
[WhiteElo "2513"]
[BlackElo "2514"]

1.d4 d5 2.c4 e6 3.Nc3 Be7 4.Nf3 Nf6 5.Bg5 h6 6.Bh4 O-O 7.e3 Ne4 8.Bxe7 Qxe7
9.Rc1 c6 10.Bd3 Nxc3 11.Rxc3 Nd7 12.O-O e5 13.Bb1 e4 14.Nd2 Nf6 15.a3 Bg4
16.Qc2 Be2 17.Re1 Bd3 18.Qd1 dxc4 19.Nxc4 Nd5 20.Rc1 Bxc4 21.Rxc4 Rad8 22.Ba2
Rd6 23.Rc5 Rfd8 24.Qh5 Kh8 25.Rec1 Rg6 26.Bxd5 cxd5 27.Rxd5 Rxd5 28.Qxd5 Rg5
29.Rc8+ Kh7 30.Qc4 Qf6 31.Qe2 Qb6 32.Qc2 Qg6 33.g3 Rh5 34.Re8 Rh4 35.f3 Rh3
36.Qxe4 f5 37.Qe6 Qg5 38.Kg2 {#r} 1-0

[Event "It \"]
[Site "masterchessopen.com Aschach (Austria)"]
[Date "2009.12.27"]
[Round "3"]
[White "Binder Michael (AUT)"]
[Black "Schneider-Zinner Harald (AUT)"]
[Result "1-0"]
[WhiteElo "2174"]
[BlackElo "2352"]

1.d4 Nf6 2.Nf3 e6 3.c4 d5 4.Bg5 Be7 5.Nc3 h6 6.Bh4 O-O 7.e3 Ne4 8.Bxe7 Qxe7
9.Rc1 c6 10.Bd3 Nxc3 11.Rxc3 dxc4 12.Bxc4 Nd7 13.O-O b6 14.Bd3 c5 15.Be4 Rb8
16.Qc2 e5 17.Bf5 Bb7 18.Bxd7 Qxd7 19.dxc5 Bxf3 20.gxf3 bxc5 21.Kg2 Rb6 22.h3
Rg6+ 23.Kh2 Qd5 24.Qe2 Qxa2 25.Ra3 Qe6 26.Rxa7 Rd8 27.Ra4 Rb8 28.Rc1 Qe7
29.Rc2 Rb4 30.Rxb4 cxb4 31.Rc4 b3 32.Qd3 Qb7 33.Re4 Kh7 34.Qd1 Qb5 35.Rg4 Rxg4
36.hxg4 Qc4 37.Qd7 {#r} 1-0

[Event "NRW-liga 2009/10"]
[Site "masterchessopen.com Germany"]
[Round "6"]
[White "Loseries Uwe (GER)"]
[Black "Fehmer Carsten (GER)"]
[Result "1-0"]
[WhiteElo "2242"]
[BlackElo "2127"]

1.d4 d5 2.c4 e6 3.Nf3 Nf6 4.Bg5 Be7 5.e3 O-O 6.Nc3 h6 7.Bh4 Ne4 8.Bxe7 Qxe7
9.Rc1 c6 10.Bd3 Nxc3 11.Rxc3 dxc4 12.Bxc4 Nd7 13.O-O b6 14.Qe2 Bb7 15.Rfc1 c5
16.Ba6 Bxa6 17.Qxa6 e5 18.Qa3 e4 19.Nd2 Rfe8 20.Nb3 cxd4 21.Qxe7 Rxe7 22.Nxd4
Nc5 23.b4 Nd3 24.Rc8+ Kh7 25.Rxa8 Nxc1 26.a3 Rc7 27.g4 Nd3 28.Kg2 Ne5 29.h3
Kg6 30.Kg3 h5 31.gxh5+ Kxh5 32.Kf4 Nd3+ 33.Kf5 {#r} 1-0

[Event "Ch Montenegro (team) (Premier League)"]
[Site "masterchessopen.com Cetinje (Montenegro)"]
[Date "2010.07.26"]
[Round "3"]
[White "Georgiev Kiril (MKD)"]
[Black "Ivanovic Bozidar (MNE)"]
[Result "1-0"]
[WhiteElo "2685"]
[BlackElo "2409"]

1.d4 d5 2.c4 e6 3.Nf3 Nf6 4.Nc3 Be7 5.Bg5 h6 6.Bh4 O-O 7.e3 Ne4 8.Bxe7 Qxe7
9.Rc1 c6 10.Bd3 Nxc3 11.Rxc3 Nd7 12.Qc2 dxc4 13.Bxc4 b6 14.O-O Bb7 15.Bd3 c5
16.Bh7+ Kh8 17.Be4 Bxe4 18.Qxe4 Nf6 19.Qc2 cxd4 20.Nxd4 Nd5 21.Rc4 a6 22.Rc1
Qf6 23.a3 Rfd8 24.h3 g6 25.Rc6 Kg8 26.Qe4 Kg7 27.R1c2 b5 28.R2c5 Re8 29.g3 Qe7
30.Nxe6+ fxe6 31.Rxd5 exd5 32.Qxg6+ Kh8 33.Qh5 {#r} 1-0

[Event "Ch Portugal (team) (1 div) (final)"]
[Site "masterchessopen.com Vila Nova de Gaia (Portugal)"]
[Date "2010.07.28"]
[Round "3"]
[White "Hoffmann Michael (GER)"]
[Black "Korneev Oleg (RUS)"]
[Result "0-1"]
[WhiteElo "2510"]
[BlackElo "2562"]

1.d4 d5 2.c4 e6 3.Nf3 Nf6 4.Nc3 Be7 5.Bg5 O-O 6.e3 h6 7.Bh4 Ne4 8.Bxe7 Qxe7
9.Rc1 c6 10.Bd3 Nxc3 11.Rxc3 Nd7 12.Qc2 dxc4 13.Bxc4 e5 14.d5 Nb6 15.dxc6 Nxc4
16.Rxc4 bxc6 17.Rxc6 Bb7 18.Rc7 Qb4+ 19.Qc3 Qg4 20.Rxb7 Rfc8 21.Rc7 Rxc7
22.Qxc7 Rc8 23.Qxe5 Rc1+ 24.Kd2 Rxh1 25.Qe8+ Kh7 26.Qxf7 Qxg2 27.Ne5 Qe4
28.Nd3 a6 29.a3 Rxh2 30.Kc3 Rg2 31.b4 Rg6 32.Qa7 h5 33.Qf7 h4 34.Nc5 Qe5+
35.Kb3 h3 {#R} 0-1

[Event "It (open)"]
[Site "masterchessopen.com Panevezys (Lithuania)"]
[Date "2010.08.23"]
[Round "8"]
[White "Vanagas Tadas (LTU)"]
[Black "Krivonosov Oleg (LAT)"]
[Result "0-1"]
[WhiteElo "2009"]
[BlackElo "2424"]

1.d4 d5 2.c4 e6 3.Nc3 Nf6 4.Bg5 Be7 5.e3 h6 6.Bh4 O-O 7.Nf3 Ne4 8.Bxe7 Qxe7
9.Rc1 Nxc3 10.Rxc3 c6 11.Bd3 dxc4 12.Bxc4 Nd7 13.O-O b6 14.Qe2 Bb7 15.Ba6 Bxa6
16.Qxa6 c5 17.Rfc1 e5 18.dxe5 Nxe5 19.Nxe5 Qxe5 20.a4 Rfd8 21.Qb7 Qe8 22.b3
Rd7 23.Qf3 Rad8 24.g3 Qe6 25.a5 Rd2 26.axb6 axb6 27.Rb1 Ra2 28.Rcc1 Rdd2
29.Rd1 Rdc2 30.Rd8+ Kh7 31.Rf8 Rxf2 32.Qxf2 Rxf2 33.Kxf2 Qf5+ {#R} 0-1

[Event "It \"]
[Site "masterchessopen.com Kaunas (Lithuania)"]
[Date "2010.08.26"]
[Round "2"]
[White "Butnorius Algimantas (LTU)"]
[Black "Kaunas Kestutis (LTU)"]
[Result "1-0"]
[WhiteElo "2439"]
[BlackElo "2253"]

1.c4 e6 2.d4 d5 3.Nc3 Nf6 4.Bg5 Be7 5.Nf3 O-O 6.e3 h6 7.Bh4 Ne4 8.Bxe7 Qxe7
9.Rc1 Nxc3 10.Rxc3 c6 11.Bd3 dxc4 12.Bxc4 Nd7 13.O-O e5 14.Re1 e4 15.Nd2 Nb6
16.Qc2 Nxc4 17.Rxc4 f5 18.Rc5 Be6 19.Nb1 Bxa2 20.b3 Bxb1 21.Rxb1 Rae8 22.g3
Qf7 23.b4 a6 24.Rc1 Rd8 25.Ra1 Rd6 26.Qa2 Qxa2 27.Rxa2 g6 28.Kg2 Kf7 29.h3 Ke6
30.Re5+ Kf6 31.Rc2 Rfd8 32.Rec5 Rd5 33.Ra2 Ke6 34.Ra4 {#r} 1-0

[Event "Ch Uzbekistan (juniors) (under 20)"]
[Site "masterchessopen.com Tashkent (Uzbekistan)"]
[Date "2010.09.15"]
[Round "11"]
[White "Khoroshev Nikita (UZB)"]
[Black "Golubev Roman (UZB)"]
[Result "1-0"]
[WhiteElo "2206"]
[BlackElo "2041"]

1.d4 d5 2.c4 e6 3.Nc3 Be7 4.Nf3 Nf6 5.Bg5 O-O 6.e3 h6 7.Bh4 Ne4 8.Bxe7 Qxe7
9.Rc1 c6 10.Bd3 Nxc3 11.Rxc3 dxc4 12.Rxc4 Nd7 13.Bb1 e5 14.Qc2 g6 15.O-O Nb6
16.Rc5 exd4 17.Nxd4 Nd7 18.Rc3 Nf6 19.e4 Bd7 20.f4 Rad8 21.e5 Nd5 22.Rg3 Kh8
23.Qd2 c5 24.f5 g5 25.f6 Qxe5 26.Qc2 Qxd4+ 27.Kh1 Nxf6 28.Rxf6 Kg7 29.Rg6+
{#r} 1-0

[Event "Ch India (challengers)"]
[Site "masterchessopen.com Bhiwani (India)"]
[Date "2010.09.24"]
[Round "11"]
[White "Lalith Babu M R (IND)"]
[Black "Kamble Vikramaditya (IND)"]
[Result "0-1"]
[WhiteElo "2479"]
[BlackElo "2354"]

1.Nf3 Nf6 2.c4 e6 3.Nc3 d5 4.d4 Be7 5.Bg5 h6 6.Bh4 O-O 7.e3 Ne4 8.Bxe7 Qxe7
9.Rc1 Nxc3 10.Rxc3 c6 11.Bd3 dxc4 12.Bxc4 Nd7 13.O-O b6 14.Bd3 c5 15.Bb5 Rd8
16.Bc6 Rb8 17.Qa4 Bb7 18.Rfc1 b5 19.Bxb5 Bxf3 20.Bxd7 Qg5 21.g3 Rb4 22.Qxa7
Qg4 23.Bc6 Bxc6 24.Qc7 Qe4 25.Qxd8+ Kh7 26.f3 Qxf3 27.R3c2 Rc4 {#R} 0-1

[Event "Ch England (active) (team)"]
[Site "masterchessopen.com Newport Pagnell (England)"]
[Date "2010.10.09"]
[Round "6"]
[White "Hebden Mark (ENG)"]
[Black "Cox John J (ENG)"]
[Result "1-0"]
[WhiteElo "2556"]
[BlackElo "2398"]

1.d4 Nf6 2.Nf3 d5 3.c4 e6 4.Bg5 Be7 5.Nc3 O-O 6.e3 h6 7.Bh4 Ne4 8.Bxe7 Qxe7
9.Rc1 c6 10.Bd3 Nxc3 11.Rxc3 dxc4 12.Bxc4 Nd7 13.O-O e5 14.Bb3 Re8 15.Re1 e4
16.Nd2 Nf6 17.Rc5 Be6 18.Re5 Bxb3 19.Rxe7 Bxd1 20.Rxe8+ Rxe8 21.Rxd1 Kf8
22.Rc1 Ke7 23.Kf1 Kd7 24.Ke2 Nd5 25.a3 Re6 26.g4 Ke7 27.h3 g6 28.Nc4 f6 29.Na5
f5 30.Nxb7 f4 31.Nc5 {#r} 1-0

[Event "Olympiad (under 16)"]
[Site "masterchessopen.com Kocaeli (Turkey)"]
[Date "2011.10.25"]
[Round "2"]
[White "Lee Kah Meng Elgin (MAS)"]
[Black "Girish A Koushik (IND)"]
[Result "0-1"]
[WhiteElo "1984"]
[BlackElo "2379"]

1.d4 d5 2.c4 e6 3.Nc3 Nf6 4.Bg5 Be7 5.Nf3 O-O 6.e3 h6 7.Bh4 Ne4 8.Bxe7 Qxe7
9.Rc1 c6 10.Bd3 Nxc3 11.Rxc3 dxc4 12.Bxc4 Nd7 13.O-O b6 14.Qe2 Bb7 15.Ba6 Bxa6
16.Qxa6 c5 17.Rfc1 e5 18.Qc4 e4 19.Nd2 cxd4 20.exd4 Nf6 21.Re1 Kh8 22.Rce3
Rac8 23.Qa4 Ng4 24.R3e2 {#R} 0-1

[Event "Ch India (challengers)"]
[Site "masterchessopen.com Tirupati (India)"]
[Date "2012.05.19"]
[Round "3"]
[White "Swayams Mishra (IND)"]
[Black "Abhishek Kelkar (IND)"]
[Result "1-0"]
[WhiteElo "2420"]
[BlackElo "2134"]

1.Nf3 d5 2.d4 Nf6 3.c4 e6 4.Nc3 Be7 5.Bg5 O-O 6.e3 h6 7.Bh4 Ne4 8.Bxe7 Qxe7
9.Rc1 c6 10.Bd3 Nxc3 11.Rxc3 Nd7 12.O-O dxc4 13.Bxc4 b6 14.Bd3 c5 15.Be4 Rb8
16.Bc6 Rd8 17.Qa4 cxd4 18.exd4 a6 19.Rfc1 f6 20.Be4 b5 21.Qa5 Nb6 22.b3 Rd6
23.Rc7 Qd8 24.Qe1 f5 25.Bb1 Nd5 26.R7c5 Bb7 27.Qe5 Nf6 28.Rc7 Rc8 29.Rxc8 Bxc8
30.h3 Bb7 31.Ne1 Ne4 32.Bxe4 Bxe4 33.f3 Bd5 34.Nd3 Rd7 35.Nf4 Qf6 36.Rc8+ Kf7
37.Qb8 Qxd4+ 38.Kh2 Kf6 39.Rf8+ Kg5 40.Kg3 {#r} 1-0

[Event "It (open)"]
[Site "masterchessopen.com Balaguer (Spain)"]
[Date "2012.07.22"]
[Round "7"]
[White "Campos Moreno Javier B (CHI)"]
[Black "Ramon Solans Albert (ESP)"]
[Result "1-0"]
[WhiteElo "2488"]
[BlackElo "2281"]

1.d4 d5 2.c4 e6 3.Nf3 Nf6 4.Nc3 Be7 5.Bg5 O-O 6.e3 h6 7.Bh4 Ne4 8.Bxe7 Qxe7
9.Rc1 Nxc3 10.Rxc3 c6 11.Bd3 dxc4 12.Bxc4 Nd7 13.Qc2 e5 14.Qe4 Re8 15.O-O exd4
16.Qxe7 Rxe7 17.Nxd4 Ne5 18.Bb3 Bd7 19.h3 Rd8 20.f4 Ng6 21.Kf2 b6 22.Rd1 Rc8
23.g4 c5 24.Nf5 Bxf5 25.gxf5 Nf8 26.Kf3 b5 27.e4 c4 28.e5 Nd7 29.Bc2 b4 30.Re3
a5 31.Re4 f6 32.Red4 Nb6 {#r} 1-0

[Event "It (open)"]
[Site "masterchessopen.com Pardubice (Czech Republic)"]
[Date "2012.07.23"]
[Round "4"]
[White "Grigorian Spartak (GER)"]
[Black "Jasny Stanislav (CZE)"]
[Result "1-0"]
[WhiteElo "2107"]
[BlackElo "2317"]

1.d4 d5 2.c4 e6 3.Nf3 Nf6 4.Bg5 Be7 5.Nc3 O-O 6.e3 h6 7.Bh4 Ne4 8.Bxe7 Qxe7
9.Rc1 c6 10.h4 Nd7 11.g4 Nxc3 12.Rxc3 dxc4 13.Bxc4 b5 14.Be2 Bb7 15.g5 h5
16.Rg1 g6 17.Nd2 c5 18.dxc5 Nxc5 19.Qc2 Rac8 20.Bxb5 Qd6 21.Ke2 a6 22.Rc1 axb5
23.Rxc5 Qh2 24.Ne4 Rxc5 25.Nf6+ Kg7 26.Qxc5 Qg2 27.Qe5 Qf3+ 28.Ke1 Qh1+ 29.Kd2
Rd8+ 30.Nd7+ Kg8 31.Rxh1 Rxd7+ 32.Ke2 Bxh1 33.f3 {#r} 1-0